Analýza finančnej situácie podnikateľskej účtovnej jednotky diplomová práca

Na minha lista:
Detalhes bibliográficos
Autor principal: Srnková, Eva
Autor Corporativo: Fakulta hospodárskej informatiky EU. Katedra účtovníctva a audítorstva
Outros Autores: Vépyová, Mária
Formato: Livro
Idioma:eslovaco
Publicado em: Bratislava 2016
Tags: Adicionar Tag
Sem tags, seja o primeiro a adicionar uma tag!

MARC

LEADER 00000nbm a2200000 4500
001 0218962
005 20240905105227.1
041 0 |a slo 
044 |a SK 
245 1 0 |a Analýza finančnej situácie podnikateľskej účtovnej jednotky  |b diplomová práca  |c Eva Srnková ; školiteľ: Mária Vépyová 
264 1 |a Bratislava  |c 2016 
300 |a 92 s. 
100 1 |a Srnková, Eva 
700 1 |a Vépyová, Mária 
710 2 |a Fakulta hospodárskej informatiky EU. Katedra účtovníctva a audítorstva